00839nam a2200217Ia 4500003000900000008004100009020001800050040001600068080001700084245019600101260003500297300001600332650004100348650002900389650002300418700003300441700003200474942000700506999001500513952009300528IN-BaIIA211028s9999 xx 000 0 eng d a0-12-254103-0 cIIA Library a535.417bFOU 0aFourier transform infrared spectroscopybvol. 3, techniques using fourier transform interferometrycedited by John R. Ferraro and Louis J. Basile  aNew YorkbAcademic Pressc1982 aviii, 215p. aAstronomy and astrophysics thesaurus aFourier transforms92808 aSpectroscopy91535 aBasile, Louis J., ed.912568 aFerraro, John R., ed.96826 cBK c7332d7332 00104070aBANbBANcGENd1983-05-09l0o535.417/ FOUp8139r2021-11-05w1983-05-09yBK